000
00296 a2200121 4500
000
nam a22 7a 4500
005
20260207153323.0
020
_a
9789348433343
100
_a
Vasudev Sharan Agrawal
_9
1114382
245
_a
Bharat Savitri
260
_b
Shivalik Prakashan
_c
2026
942
_c
TEXL
999
_c
1678926
_d
1678926